Comparative government : (Record no. 58011)
[ view plain ]
| 000 -LEADER | |
|---|---|
| fixed length control field | 00750nam a2200253 a 4500 |
| 001 - CONTROL NUMBER | |
| control field | 58011 |
| 003 - CONTROL NUMBER IDENTIFIER | |
| rucl marc code | BD-RJUL |
| 005 - DATE AND TIME OF LATEST TRANSACTION | |
| control field | 20211209080558.0 |
| 008 - FIXED-LENGTH DATA ELEMENTS--GENERAL INFORMATION | |
| fixed length control field | 161212s19691985enka b 001 0 eng |
| 020 ## - INTERNATIONAL STANDARD BOOK NUMBER | |
| International Standard Book Number | 0333102061 (pbk) |
| International Standard Book Number | 0333035305 |
| 035 ## - SYSTEM CONTROL NUMBER | |
| System control number | BD-RJUL 58135 |
| 040 ## - CATALOGING SOURCE | |
| Original cataloging agency | DLC |
| Transcribing agency | DLC |
| Modifying agency | m.c |
| Language of cataloging | eng |
| 041 ## - LANGUAGE CODE | |
| Language code of text/sound track or separate title | eng |
| 082 ## - DEWEY DECIMAL CLASSIFICATION NUMBER | |
| Edition number | 23 |
| Classification number | 320.308 |
| Author mark and year | COM 1985 |
| 245 00 - TITLE STATEMENT | |
| Title | Comparative government : |
| Remainder of title | a reader / |
| Statement of responsibility, etc. | edited by Jean Blondel |
| 260 ## - PUBLICATION, DISTRIBUTION, ETC. (IMPRINT) | |
| Place of publication, distribution, etc. | London : |
| Name of publisher, distributor, etc. | Macmillan, |
| Date of publication, distribution, etc. | 1969 [reprint 1985] |
| 300 ## - PHYSICAL DESCRIPTION | |
| Pagination | l, 270 p. : |
| Illustrations | ill. ; |
| Size | 20 cm |
| 504 ## - BIBLIOGRAPHY, ETC. NOTE | |
| Bibliography, etc | Bibliography: p. 243-255 |
| 650 #0 - SUBJECT ADDED ENTRY--TOPICAL TERM | |
| Topical term or geographic name as entry element | Comparative government |
| 9 (RLIN) | 171742 |
| 700 1# - ADDED ENTRY--PERSONAL NAME | |
| Personal name | Blondel, Jean, |
| Dates associated with a name | 1929- |
| 830 #0 - SERIES ADDED ENTRY--UNIFORM TITLE | |
| Uniform title | Macmillan student editions |
| 942 ## - ADDED ENTRY ELEMENTS (KOHA) | |
| Source of classification or shelving scheme | Dewey Decimal Classification |
| Koha item type | Books |
| Lost status | Source of classification or shelving scheme | Damaged status | Not for loan | Collection code | Permanent Location | Current Location | Shelving location | Date acquired | Total Checkouts | Full call number | Date last seen | Copy number | Koha item type |
|---|---|---|---|---|---|---|---|---|---|---|---|---|---|
| Dewey Decimal Classification | Not For Loan | Non-fiction | Central Library, University of Rajshahi | Central Library, University of Rajshahi | Reading Room | 05/07/1988 | 320.308 COM 1985 | 12/12/2016 | C-1 | Books |